[Event "TCh-RUS Premier 2023"]
[Site "Sochi RUS"]
[Date "2023.05.09"]
[Round "8.1"]
[Board "6"]
[White "Makarian, Rudik"]
[Black "Gaifullin, Artur"]
[Result "1-0"]
[WhiteTitle "IM"]
[BlackTitle "FM"]
[WhiteElo "2547"]
[BlackElo "2422"]
[WhiteTeam "Shakhmatnaya sbornaya Moskvy (Moskva)"]
[BlackTeam "Ladya (Respublika Tatarstan)"]
[WhiteFideId "44105681"]
[BlackFideId "24168653"]
[EventDate "2023.05.01"]
[EventType "team"]

1. d4 Nf6 2. c4 e6 3. Nf3 d5 4. g3 dxc4 5. Bg2 Bb4+ 6. Nbd2 b5 7. a3 Bxd2+ 8.
Nxd2 c6 9. a4 Nd5 10. O-O O-O 11. e4 Nb4 12. e5 Qxd4 13. axb5 Qxe5 14. Ra5 Nd5
15. Nxc4 Qc7 16. Bf4 Nxf4 17. gxf4 cxb5 18. Qd6 Qxc4 19. Bxa8 e5 20. Rxa7 Qxf4
21. Bd5 Qg4+ 22. Kh1 Be6 23. Bxe6 Qf3+ 24. Kg1 fxe6 25. Qxe6+ Kh8 26. Qxe5 Qg4+
27. Qg3 Qd4 28. Rf7 Rg8 29. b3 Nc6 30. Re1 Qd5 31. Qf3 Qd6 32. Qf4 Qa3 33. Rc7
Nd8 34. b4 Qd3 35. Rce7 Nc6 36. Qe4 Qc4 37. Rc7 1-0

[Event "TCh-RUS Premier 2023"]
[Site "Sochi RUS"]
[Date "2023.05.09"]
[Round "8.2"]
[Board "2"]
[White "Khismatullin, Denis"]
[Black "Zvjaginsev, Vadim"]
[Result "1/2-1/2"]
[WhiteTitle "GM"]
[BlackTitle "GM"]
[WhiteElo "2594"]
[BlackElo "2598"]
[WhiteTeam "Moskovskaya oblast (Moskovskaya oblast)"]
[BlackTeam "SK KPRF (Moskva)"]
[WhiteFideId "4142578"]
[BlackFideId "4113403"]
[EventDate "2023.05.01"]
[EventType "team"]

1. d4 e6 2. c4 Bb4+ 3. Bd2 Bxd2+ 4. Qxd2 Nf6 5. Nc3 d5 6. Nf3 O-O 7. e3 Qe7 8.
Rc1 dxc4 9. Bxc4 c5 10. O-O Rd8 11. Qe2 cxd4 12. exd4 Nc6 13. Rfd1 Bd7 14. a3 1/2-1/2

[Event "TCh-RUS Premier 2023"]
[Site "Sochi RUS"]
[Date "2023.05.09"]
[Round "8.2"]
[Board "4"]
[White "Iljiushenok, Ilia"]
[Black "Potkin, Vladimir"]
[Result "1/2-1/2"]
[WhiteTitle "GM"]
[BlackTitle "GM"]
[WhiteElo "2544"]
[BlackElo "2574"]
[WhiteTeam "Moskovskaya oblast (Moskovskaya oblast)"]
[BlackTeam "SK KPRF (Moskva)"]
[WhiteFideId "24105074"]
[BlackFideId "4131061"]
[EventDate "2023.05.01"]
[EventType "team"]

1. e4 e5 2. Nf3 Nc6 3. Bb5 Nf6 4. d3 Bc5 5. Nbd2 Nd4 6. Nxd4 Bxd4 7. c3 Bb6 8.
d4 c6 9. dxe5 cxb5 10. exf6 Qxf6 11. O-O O-O 12. Qh5 d5 13. exd5 Bf5 14. Nf3
Rfe8 15. Be3 Bxe3 16. fxe3 Bd3 17. Rfe1 Rad8 18. Rad1 g6 19. Qg5 Qxg5 20. Nxg5
Rxd5 1/2-1/2

[Event "TCh-RUS Premier 2023"]
[Site "Sochi RUS"]
[Date "2023.05.09"]
[Round "8.2"]
[Board "5"]
[White "Alekseev, Evgeny"]
[Black "Smirnov, Pavel"]
[Result "1/2-1/2"]
[WhiteTitle "GM"]
[BlackTitle "GM"]
[WhiteElo "2564"]
[BlackElo "2545"]
[WhiteTeam "SK KPRF (Moskva)"]
[BlackTeam "Moskovskaya oblast (Moskovskaya oblast)"]
[WhiteFideId "4138147"]
[BlackFideId "4123425"]
[EventDate "2023.05.01"]
[EventType "team"]

1. e4 e5 2. Nf3 Nc6 3. Bb5 a6 4. Ba4 Nf6 5. d3 b5 6. Bb3 Be7 7. Nc3 d6 8. a3 O-O
9. Nd5 Na5 10. Nxf6+ Bxf6 11. Ba2 Be6 12. Bxe6 fxe6 13. b4 Nc6 14. c3 Qd7 15.
O-O a5 16. Be3 Ne7 17. g3 c6 18. Qc2 1/2-1/2

[Event "TCh-RUS Premier 2023"]
[Site "Sochi RUS"]
[Date "2023.05.09"]
[Round "8.2"]
[Board "6"]
[White "Sychev, Klementy"]
[Black "Afanasiev, Nikita"]
[Result "1/2-1/2"]
[WhiteTitle "GM"]
[BlackTitle "GM"]
[WhiteElo "2547"]
[BlackElo "2530"]
[WhiteTeam "Moskovskaya oblast (Moskovskaya oblast)"]
[BlackTeam "SK KPRF (Moskva)"]
[WhiteFideId "4114060"]
[BlackFideId "24183555"]
[EventDate "2023.05.01"]
[EventType "team"]

1. e4 e5 2. Nf3 Nc6 3. Bb5 Nf6 4. O-O Nxe4 5. Re1 Nd6 6. Nxe5 Be7 7. Bf1 Nxe5 8.
Rxe5 O-O 9. d4 Bf6 10. Re1 Re8 11. Bf4 Rxe1 12. Qxe1 Ne8 13. c3 d5 14. Nd2 g6
15. Nf3 Ng7 16. Qd2 c6 17. h3 h5 18. Re1 1/2-1/2

[Event "TCh-RUS Premier 2023"]
[Site "Sochi RUS"]
[Date "2023.05.09"]
[Round "8.3"]
[Board "1"]
[White "Lobanov, Sergei"]
[Black "Murzin, Volodar"]
[Result "1/2-1/2"]
[WhiteTitle "GM"]
[BlackTitle "GM"]
[WhiteElo "2536"]
[BlackElo "2577"]
[WhiteTeam "SShOR po shakhmatam i shashkam (Sankt-Peterbu"]
[BlackTeam "Sbornaya Novosibirskoy oblasti (Novosibir"]
[WhiteFideId "24183750"]
[BlackFideId "44155573"]
[EventDate "2023.05.01"]
[EventType "team"]

1. d4 d5 2. c4 c6 3. Nf3 Nf6 4. e3 Bf5 5. Nc3 e6 6. Nh4 Be4 7. f3 Bg6 8. Bd2
Nbd7 9. Nxg6 hxg6 10. Qc2 Nh5 11. O-O-O Ng3 12. cxd5 cxd5 13. Rg1 Nxf1 14. Rgxf1
Be7 15. e4 Nb6 16. Kb1 Qd7 17. Bf4 Rc8 18. Qd3 Nc4 19. exd5 exd5 20. Rfe1 O-O
21. Nxd5 Bh4 22. g3 Qxd5 23. gxh4 Rfd8 24. Bc1 Nb6 25. Re5 Qc6 26. Re2 Nd5 27.
Rc2 Qxc2+ 28. Qxc2 Rxc2 29. Kxc2 Rc8+ 30. Kb3 f6 31. a4 Kf7 32. Re1 Rh8 33. Re4
Rh5 34. Bd2 Rf5 35. f4 Rh5 36. Be1 Rh8 37. a5 Rc8 38. Bd2 Rc6 39. Re1 Rc7 40.
Re2 Ne7 41. Be1 Rc8 42. Bb4 Nd5 1/2-1/2

[Event "TCh-RUS Premier 2023"]
[Site "Sochi RUS"]
[Date "2023.05.09"]
[Round "8.3"]
[Board "2"]
[White "Kobalia, Mikhail"]
[Black "Shubin, Kirill"]
[Result "1/2-1/2"]
[WhiteTitle "GM"]
[BlackTitle "IM"]
[WhiteElo "2584"]
[BlackElo "2447"]
[WhiteTeam "Sbornaya Novosibirskoy oblasti (Novosibir"]
[BlackTeam "SShOR po shakhmatam i shashkam (Sankt-Peterbu"]
[WhiteFideId "4119150"]
[BlackFideId "34119962"]
[EventDate "2023.05.01"]
[EventType "team"]

1. e4 c5 2. Nf3 Nc6 3. Bb5 Nf6 4. Bxc6 dxc6 5. d3 Qc7 6. e5 Nd5 7. h3 Bf5 8. O-O
h6 9. Nbd2 O-O-O 10. Qe2 g5 11. Ne4 b6 12. a3 Qd7 13. Ng3 Be6 14. Re1 Rg8 15.
Nh2 Rg6 16. Nh5 Bg7 17. Bd2 Bh8 18. b4 Rdg8 19. Kh1 Nc7 20. bxc5 bxc5 21. a4 f5
22. exf6 exf6 23. Ng4 Re8 24. Qd1 f5 25. Ne5 Bxe5 26. Rxe5 f4 27. Ba5 Bd5 28.
Rxe8+ Nxe8 29. Kh2 Bf7 30. Rb1 Re6 31. c4 Qd6 32. Qg4 Qxd3 33. Rb2 Qd7 34. Qf3
Nd6 35. Rd2 Bxh5 36. Qxh5 Qe7 37. Qd1 Nb7 38. Bc3 Rd6 39. Qg4+ Qd7 40. Qe2 Qe6
41. h4 g4 42. h5 Nd8 43. Qxe6+ Rxe6 44. f3 gxf3 45. gxf3 Re3 46. Bg7 Ne6 47. Bf6
Rxf3 48. Rd6 Re3 49. Rxc6+ Kb7 50. Rd6 Kc7 51. Ra6 Kb7 52. Rd6 Kc7 53. Ra6 1/2-1/2

[Event "TCh-RUS Premier 2023"]
[Site "Sochi RUS"]
[Date "2023.05.09"]
[Round "8.3"]
[Board "3"]
[White "Zubritskiy, Artyom"]
[Black "Bocharov, Dmitry"]
[Result "1/2-1/2"]
[WhiteTitle "IM"]
[BlackTitle "GM"]
[WhiteElo "2438"]
[BlackElo "2516"]
[WhiteTeam "SShOR po shakhmatam i shashkam (Sankt-Peterbu"]
[BlackTeam "Sbornaya Novosibirskoy oblasti (Novosibir"]
[WhiteFideId "4181247"]
[BlackFideId "4138716"]
[EventDate "2023.05.01"]
[EventType "team"]

1. d4 Nf6 2. c4 e6 3. g3 c5 4. d5 exd5 5. cxd5 d6 6. Nc3 g6 7. Bg2 Bg7 8. Nf3
O-O 9. O-O Re8 10. Bf4 Na6 11. Nd2 Nh5 12. Be3 Nc7 13. a4 b6 14. Nc4 Ba6 15. Qb3
Bxc4 16. Qxc4 a6 17. Rab1 Qd7 18. b4 Rxe3 19. fxe3 b5 20. axb5 axb5 21. Nxb5
Nxb5 22. bxc5 Na3 23. Qa2 Qe8 24. Rb4 Qxe3+ 25. Kh1 Qxc5 26. Qb3 Be5 27. g4 Nf6
28. g5 Nh5 29. e3 Kg7 30. Rb7 Rf8 31. Qa4 Qc8 32. Qa7 Qxb7 33. Qxb7 Nc4 34. Rf3
Kg8 35. Qc7 Nd2 36. Rf2 Nb3 37. Bh3 Nc5 38. Be6 fxe6 39. Rxf8+ Kxf8 40. dxe6
Nxe6 41. Qxh7 Neg7 42. Qxg6 Ke7 43. Kg1 Kd7 44. Qf7+ Kc6 45. Kg2 d5 46. Qe7 Bd6
47. Qd8 Be5 48. Kg1 Kc5 49. Qd7 Bd6 50. Qc8+ Kb6 51. Kg2 Be5 52. Qc2 Bd6 53. Kf3
Bc5 54. Qg6+ Kc7 55. Qf7+ Kc6 56. e4 dxe4+ 57. Kxe4 Bd6 58. h4 Bg3 59. Qd5+ Kc7
60. Kf3 Bd6 61. Qf7+ Kc6 62. Kg4 Be5 63. Qxh5 Nxh5 64. Kxh5 Kd6 65. Kg6 Ke6 66.
h5 Bf4 67. h6 Bxg5 68. Kxg5 Kf7 69. Kf5 Kg8 70. Kg6 Kh8 71. h7 1/2-1/2

[Event "TCh-RUS Premier 2023"]
[Site "Sochi RUS"]
[Date "2023.05.09"]
[Round "8.3"]
[Board "4"]
[White "Kezin, Roman"]
[Black "Vlasenko, Miroslav"]
[Result "0-1"]
[WhiteTitle "IM"]
[BlackTitle "IM"]
[WhiteElo "2514"]
[BlackElo "2358"]
[WhiteTeam "Sbornaya Novosibirskoy oblasti (Novosibir"]
[BlackTeam "SShOR po shakhmatam i shashkam (Sankt-Peterbu"]
[WhiteFideId "24124621"]
[BlackFideId "4151887"]
[EventDate "2023.05.01"]
[EventType "team"]

1. d4 f5 2. Bg5 h6 3. Bh4 g5 4. e3 Bg7 5. Bg3 c5 6. c3 Qb6 7. Na3 cxd4 8. Nc4
Qe6 9. cxd4 Nf6 10. Be2 O-O 11. Nf3 b6 12. O-O Bb7 13. Rc1 d6 14. Na3 Nd5 15.
Nb5 Nc6 16. Nd2 a6 17. Nc3 Nxc3 18. bxc3 Na5 19. Rb1 b5 20. a4 Rfc8 21. axb5
axb5 22. Bf3 Rab8 23. e4 f4 24. Bg4 Qf6 25. Rxb5 Rxc3 26. e5 dxe5 27. Ne4 Qc6
28. Qb1 Qxe4 29. Be6+ Kh8 30. Qxe4 Bxe4 31. Rxb8+ Kh7 32. f3 Bd3 33. Bf2 exd4
34. Rd1 Be5 35. Ra8 Nc6 36. Be1 Bc2 37. Rc1 Bg6 38. Bxc3 dxc3 39. Ra2 Nb4 40.
Ra3 Bd4+ 41. Kf1 Nc2 42. Rxc2 Bxc2 43. Ke2 Bg6 44. Ra6 c2 45. Bg8+ Kh8 46. Rc6
Be3 0-1

[Event "TCh-RUS Premier 2023"]
[Site "Sochi RUS"]
[Date "2023.05.09"]
[Round "8.3"]
[Board "5"]
[White "Timerkhanov, Alexander"]
[Black "Khubukshanov, Erdem"]
[Result "1/2-1/2"]
[WhiteTitle "FM"]
[BlackTitle "IM"]
[WhiteElo "2352"]
[BlackElo "2388"]
[WhiteTeam "SShOR po shakhmatam i shashkam (Sankt-Peterbu"]
[BlackTeam "Sbornaya Novosibirskoy oblasti (Novosibir"]
[WhiteFideId "24177938"]
[BlackFideId "54114527"]
[EventDate "2023.05.01"]
[EventType "team"]

1. d4 d5 2. Nf3 Nf6 3. c4 e6 4. g3 Be7 5. Bg2 O-O 6. O-O a5 7. Nc3 c6 8. Ne5
Nfd7 9. Nxd7 Nxd7 10. b3 b6 11. cxd5 cxd5 12. Nb5 Ba6 13. a4 Rc8 14. Bb2 Nf6 15.
Qd3 Qd7 16. Rfc1 h5 17. e3 h4 18. Bf1 g6 19. Qd1 hxg3 20. hxg3 Bb4 21. Rxc8 Rxc8
22. Rc1 Ne4 23. Rxc8+ Qxc8 24. Na7 Qb7 25. Bxa6 Qxa6 26. Nb5 Qc8 27. Kg2 Qc6 28.
f3 Nd6 29. Nxd6 Bxd6 30. Qc1 Qd7 31. Ba3 Bxa3 32. Qxa3 Qc7 33. Qb2 Qc6 34. Qd2
Kf8 35. Kf2 Ke7 36. Qb2 Kd7 37. Qd2 Kc7 38. Qb2 Kb7 39. Qd2 Qd6 40. Qd3 Qb4 41.
Ke2 Qa3 42. Qb5 Qb2+ 1/2-1/2

[Event "TCh-RUS Premier 2023"]
[Site "Sochi RUS"]
[Date "2023.05.09"]
[Round "8.3"]
[Board "6"]
[White "Belozerov, Andrei"]
[Black "Shchukin, Maksim"]
[Result "0-1"]
[WhiteTitle "GM"]
[BlackTitle "FM"]
[WhiteElo "2461"]
[BlackElo "2371"]
[WhiteTeam "Sbornaya Novosibirskoy oblasti (Novosibir"]
[BlackTeam "SShOR po shakhmatam i shashkam (Sankt-Peterbu"]
[WhiteFideId "4120213"]
[BlackFideId "34126624"]
[EventDate "2023.05.01"]
[EventType "team"]

1. d4 c6 2. c4 d5 3. Nf3 Nf6 4. Nc3 e6 5. Bg5 h6 6. Bh4 dxc4 7. e4 g5 8. Bg3 b5
9. Be2 Bb7 10. O-O Nbd7 11. Ne5 Bg7 12. Nxf7 Kxf7 13. e5 Nd5 14. Ne4 Kg8 15. Nd6
Qb6 16. Bh5 Rf8 17. Qg4 Nc7 18. Rad1 c5 19. f4 Rh7 20. f5 cxd4 21. fxe6 d3+ 22.
Kh1 Nxe5 23. Bxe5 Rxf1+ 24. Rxf1 Bxe5 25. Bf7+ Kh8 26. Nxb7 Qxb7 27. e7 Ne8 28.
Qe6 Bd6 29. Bxe8 Qxe7 30. Qg6 d2 31. Bc6 Rg7 32. Qf5 Rf7 33. Qc8+ Kg7 34. Bf3
Qe1 0-1

[Event "TCh-RUS Premier 2023"]
[Site "Sochi RUS"]
[Date "2023.05.09"]
[Round "8.4"]
[Board "1"]
[White "Chekhov, Sergei"]
[Black "Lazavik, Denis"]
[Result "1/2-1/2"]
[WhiteTitle "IM"]
[BlackTitle "GM"]
[WhiteElo "2453"]
[BlackElo "2544"]
[WhiteTeam "Inleksis (Voronezhskaya oblast)"]
[BlackTeam "Belarus (Respublika Belarus)"]
[WhiteFideId "4195639"]
[BlackFideId "13515110"]
[EventDate "2023.05.01"]
[EventType "team"]

1. e4 c5 2. c3 d5 3. exd5 Qxd5 4. d4 Nf6 5. Nf3 e6 6. Be3 cxd4 7. Nxd4 Nc6 8.
Nd2 Be7 9. Nxc6 Qxc6 10. Qf3 Qc7 11. Bb5+ Bd7 12. Bxd7+ Qxd7 13. O-O Qd5 14. c4
Qxf3 15. Nxf3 a6 16. Rfd1 Rc8 17. b3 Ne4 18. Rd3 Nc5 19. Rd2 Ne4 20. Rd3 Nc5 21.
Rd2 Ne4 1/2-1/2

[Event "TCh-RUS Premier 2023"]
[Site "Sochi RUS"]
[Date "2023.05.09"]
[Round "8.4"]
[Board "2"]
[White "Aleksandrov, Aleksej"]
[Black "Rodin, Dmitrij"]
[Result "1/2-1/2"]
[WhiteTitle "GM"]
[BlackTitle "IM"]
[WhiteElo "2484"]
[BlackElo "2325"]
[WhiteTeam "Belarus (Respublika Belarus)"]
[BlackTeam "Inleksis (Voronezhskaya oblast)"]
[WhiteFideId "13500139"]
[BlackFideId "4127412"]
[EventDate "2023.05.01"]
[EventType "team"]

1. c4 Nf6 2. Nc3 c5 3. Nf3 e6 4. e4 Nc6 5. d4 cxd4 6. Nxd4 Bb4 7. Nxc6 dxc6 8.
Qxd8+ Kxd8 9. Bd2 e5 10. a3 Bc5 11. O-O-O Ke7 12. f3 Be6 13. Na4 Bd6 14. Be3 Nd7
15. Rd2 b6 16. b4 Bc7 17. c5 Bb3 18. Nc3 bxc5 19. b5 cxb5 20. Bxb5 Nb6 21. a4
Rad8 22. Bxc5+ Kf6 23. Rb2 Be6 24. Rd1 Rxd1+ 25. Kxd1 Rd8+ 26. Rd2 Rxd2+ 27.
Kxd2 a5 28. Kd3 h5 29. h4 g5 30. hxg5+ Kxg5 31. Be3+ Kg6 32. Nd1 Nc8 33. Ba6 Nb6
34. Nb2 h4 35. Bb5 h3 36. gxh3 Bxh3 37. Bd2 Nd7 38. Nc4 Nc5+ 39. Kc3 Bg2 40. Be3
Ne6 41. Nd2 Bd6 42. Bb6 Bb4+ 43. Kd3 Nd4 44. Bc7 1/2-1/2

[Event "TCh-RUS Premier 2023"]
[Site "Sochi RUS"]
[Date "2023.05.09"]
[Round "8.4"]
[Board "3"]
[White "Klimentov, Evgeny"]
[Black "Fedorov, Alexei"]
[Result "0-1"]
[WhiteTitle "FM"]
[BlackTitle "GM"]
[WhiteElo "2305"]
[BlackElo "2477"]
[WhiteTeam "Inleksis (Voronezhskaya oblast)"]
[BlackTeam "Belarus (Respublika Belarus)"]
[WhiteFideId "24128899"]
[BlackFideId "13500465"]
[EventDate "2023.05.01"]
[EventType "team"]

1. e4 c5 2. Nf3 e6 3. d4 cxd4 4. Nxd4 a6 5. g3 b6 6. Bg2 Bb7 7. O-O d6 8. c4 Nd7
9. b3 Ngf6 10. Re1 Qc7 11. Bb2 Be7 12. Nc3 O-O 13. Qe2 Rfe8 14. Rad1 Bf8 15. Nc2
Rad8 16. Ne3 h5 17. f4 Qb8 18. Bf3 Qa8 19. Nf1 b5 20. cxb5 d5 21. e5 Ng4 22. Kg2
Rc8 23. Rc1 Bb4 24. a3 Bxc3 25. Bxc3 Nc5 26. Nd2 axb5 27. Bd4 Ne4 28. Nb1 Qa5
29. Qb2 Nh6 30. Bxh5 Nf5 31. Bg4 b4 32. Bxf5 exf5 33. Rxc8 Rxc8 34. Rc1 Rxc1 35.
Qxc1 bxa3 36. Nxa3 Qb4 37. Nc2 Qxb3 38. Ne3 Qd3 39. Qb2 Ba6 40. Kh3 g5 41. fxg5
Nxg5+ 42. Kg2 Qe4+ 43. Kf2 Qh1 44. Nxf5 Qf1+ 45. Ke3 Qd3+ 46. Kf4 Ne6+ 47. Kg4
Qe4+ 0-1

[Event "TCh-RUS Premier 2023"]
[Site "Sochi RUS"]
[Date "2023.05.09"]
[Round "8.4"]
[Board "4"]
[White "Zarubitski, Viachaslau"]
[Black "Popov, Maksim"]
[Result "1/2-1/2"]
[WhiteTitle "IM"]
[BlackTitle "FM"]
[WhiteElo "2423"]
[BlackElo "2338"]
[WhiteTeam "Belarus (Respublika Belarus)"]
[BlackTeam "Inleksis (Voronezhskaya oblast)"]
[WhiteFideId "13509373"]
[BlackFideId "54123968"]
[EventDate "2023.05.01"]
[EventType "team"]

1. e4 c5 2. c3 d5 3. exd5 Qxd5 4. d4 Nf6 5. Nf3 Bg4 6. dxc5 Qxd1+ 7. Kxd1 Nc6 8.
Be3 e6 9. Bb5 O-O-O+ 10. Kc1 Bxf3 11. gxf3 Nd5 12. b4 Be7 13. a4 Ne5 14. a5 Nxe3
15. fxe3 Nxf3 16. a6 Bg5 17. Kc2 Bxe3 18. axb7+ Kxb7 19. Ba6+ Kb8 20. Ra5 Rd7
21. Rb5+ Ka8 22. c6 Rc7 23. Bb7+ Kb8 24. Na3 Rd8 25. Nc4 Bg1 26. Ba6+ Ka8 27.
Bb7+ Kb8 28. Ba6+ Ka8 29. h4 f6 30. Bb7+ Kb8 31. Ba6+ Ka8 32. Bb7+ Kb8 33. Rh3
Ne1+ 34. Kb3 Bf2 35. Ba6+ Ka8 36. Bb7+ Kb8 37. Ba6+ Ka8 38. Rh1 e5 39. Bb7+ Kb8
40. Ba6+ Ka8 41. Bb7+ Kb8 42. Rf1 Nd3 43. Ra1 e4 44. Ba6+ Ka8 45. Bb7+ Kb8 46.
Ba6+ Ka8 47. h5 Re7 48. Bb7+ Kb8 49. Ba6+ Ka8 50. Bb7+ Kb8 51. Ba6+ 1/2-1/2

[Event "TCh-RUS Premier 2023"]
[Site "Sochi RUS"]
[Date "2023.05.09"]
[Round "8.4"]
[Board "5"]
[White "Kuzminykh, Nikita"]
[Black "Tsaruk, Maksim"]
[Result "0-1"]
[BlackTitle "FM"]
[WhiteElo "2063"]
[BlackElo "2371"]
[WhiteTeam "Inleksis (Voronezhskaya oblast)"]
[BlackTeam "Belarus (Respublika Belarus)"]
[WhiteFideId "54150540"]
[BlackFideId "13511173"]
[EventDate "2023.05.01"]
[EventType "team"]

1. e4 d5 2. exd5 Qxd5 3. Nc3 Qa5 4. d4 Nf6 5. Nf3 Bf5 6. Ne5 c6 7. g4 Be6 8. Bf4
Nbd7 9. Nc4 Bxc4 10. Bxc4 e6 11. g5 Ne4 12. Qf3 Ba3 13. O-O Nxg5 14. Qe3 Bxb2
15. Ne2 Nb6 16. Bb3 Bxa1 17. Bxg5 Bb2 18. c4 O-O 19. Qg3 Qf5 20. c5 Nd5 21. Bc4
e5 22. Bd3 e4 23. Bc2 Qf3 24. Rb1 Qxe2 25. Rxb2 f5 26. Rxb7 Qxc2 27. Rxg7+ Kxg7
28. Qe5+ Kg6 29. Qe6+ Kxg5 30. h4+ Kg4 31. Qh6 Kh3 0-1

[Event "TCh-RUS Premier 2023"]
[Site "Sochi RUS"]
[Date "2023.05.09"]
[Round "8.4"]
[Board "6"]
[White "Stribuk, Artiom"]
[Black "Rudakov, Sergey S."]
[Result "1-0"]
[WhiteTitle "FM"]
[WhiteElo "2376"]
[BlackElo "1992"]
[WhiteTeam "Belarus (Respublika Belarus)"]
[BlackTeam "Inleksis (Voronezhskaya oblast)"]
[WhiteFideId "13515659"]
[BlackFideId "44111533"]
[EventDate "2023.05.01"]
[EventType "team"]

1. d4 d5 2. c4 c6 3. Nf3 e6 4. g3 f5 5. Bg2 Bd6 6. Nc3 Nf6 7. Qc2 O-O 8. O-O Qe7
9. a3 Ne4 10. b4 Nxc3 11. Qxc3 Nd7 12. Bg5 Qf7 13. c5 Bc7 14. e3 Nf6 15. Bf4 Ne4
16. Qb2 Bd8 17. Ne5 Qe8 18. f3 Nf6 19. Nd3 h6 20. a4 Nh5 21. Be5 Bd7 22. e4 fxe4
23. fxe4 Nf6 24. Bd6 Be7 25. e5 Nh7 26. h4 Rf5 27. Bh3 Rxf1+ 28. Bxf1 Qf7 29.
Qf2 Qxf2+ 30. Kxf2 Rf8+ 31. Ke3 Rf7 32. Be2 g5 33. h5 Bd8 34. b5 g4 35. bxc6
bxc6 36. Nf4 Ng5 37. Bxg4 Ne4 38. Bxe6 Bxe6 39. Nxe6 Ba5 40. Nf4 Rb7 41. e6 Rb3+
42. Nd3 Bd2+ 43. Ke2 Bg5 44. e7 Bxe7 45. Bxe7 Nxg3+ 46. Kd2 Ne4+ 47. Ke3 1-0

[Event "TCh-RUS Premier 2023"]
[Site "Sochi RUS"]
[Date "2023.05.09"]
[Round "8.5"]
[Board "1"]
[White "Paravyan, David"]
[Black "Zakhartsov, Vladimir"]
[Result "1-0"]
[WhiteTitle "GM"]
[BlackTitle "GM"]
[WhiteElo "2601"]
[BlackElo "2547"]
[WhiteTeam "Russkaya shakhmatnaya shkola (Moskva)"]
[BlackTeam "Shkola im. M.M. Botvinnika  (Moskva)"]
[WhiteFideId "4194985"]
[BlackFideId "4145097"]
[EventDate "2023.05.01"]
[EventType "team"]

1. e4 c5 2. Nf3 d6 3. d4 Nf6 4. Nc3 cxd4 5. Nxd4 g6 6. Be3 Bg7 7. f3 Nc6 8. Qd2
O-O 9. Bc4 Bd7 10. O-O-O Rc8 11. Nxc6 Bxc6 12. Bb3 b5 13. Bxa7 b4 14. Nd5 Nxd5
15. exd5 Qa5 16. dxc6 Qxa7 17. Qxb4 Rxc6 18. Rhe1 Ra6 19. Rd5 Bh6+ 20. Kb1 Ra8
21. a3 Bf8 22. Rb5 Qf2 23. Rb7 R6a7 24. Rxa7 Rxa7 25. Ka2 e6 26. Qc3 Re7 27. Rd1
d5 28. Rd2 Qa7 29. Rd4 Re8 30. Ra4 Qf2 31. Qc6 Rd8 32. Qc7 1-0

[Event "TCh-RUS Premier 2023"]
[Site "Sochi RUS"]
[Date "2023.05.09"]
[Round "8.5"]
[Board "3"]
[White "Shuvalova, Polina"]
[Black "Sviridov, Valery"]
[Result "0-1"]
[WhiteTitle "IM"]
[WhiteElo "2475"]
[BlackElo "2545"]
[WhiteTeam "Russkaya shakhmatnaya shkola (Moskva)"]
[BlackTeam "Shkola im. M.M. Botvinnika  (Moskva)"]
[WhiteFideId "24171760"]
[BlackFideId "4120680"]
[EventDate "2023.05.01"]
[EventType "team"]

1. d4 Nf6 2. c4 e6 3. g3 d5 4. Bg2 Bb4+ 5. Bd2 Be7 6. Nf3 O-O 7. O-O c6 8. Qc2
Nbd7 9. Rd1 b6 10. Bf4 Bb7 11. Ne5 Rc8 12. Nc3 Nh5 13. Bd2 Nhf6 14. Bf4 Nh5 15.
Bd2 Nhf6 16. e4 c5 17. Nxd7 Qxd7 18. exd5 cxd4 19. Ne2 exd5 20. Nxd4 dxc4 21.
Nf5 Bxg2 22. Bb4 Bxb4 23. Rxd7 Be4 24. Qa4 Bxf5 25. Rd4 a5 26. a3 c3 0-1

[Event "TCh-RUS Premier 2023"]
[Site "Sochi RUS"]
[Date "2023.05.09"]
[Round "8.5"]
[Board "4"]
[White "Uskov, Artem"]
[Black "Grebnev, Aleksey"]
[Result "1/2-1/2"]
[WhiteTitle "IM"]
[BlackTitle "IM"]
[WhiteElo "2367"]
[BlackElo "2483"]
[WhiteTeam "Shkola im. M.M. Botvinnika  (Moskva)"]
[BlackTeam "Russkaya shakhmatnaya shkola (Moskva)"]
[WhiteFideId "34254854"]
[BlackFideId "34189030"]
[EventDate "2023.05.01"]
[EventType "team"]

1. e4 c5 2. Nf3 Nc6 3. d4 cxd4 4. Nxd4 g6 5. Nc3 Bg7 6. Be3 Nf6 7. Bc4 O-O 8.
Bb3 d5 9. exd5 Na5 10. Qf3 Bg4 11. Qg3 Nxb3 12. axb3 Bh5 13. d6 Ng4 14. h3 Nxe3
15. fxe3 a6 16. Qh4 e5 17. Qxd8 Raxd8 18. Ne6 fxe6 19. g4 Rf3 20. Ke2 Rxh3 21.
gxh5 Rxh1 22. Rxh1 Rxd6 23. hxg6 hxg6 24. Rg1 Kf7 25. Rf1+ Ke7 26. Rg1 Kf7 27.
Rf1+ Ke7 28. Rg1 1/2-1/2

[Event "TCh-RUS Premier 2023"]
[Site "Sochi RUS"]
[Date "2023.05.09"]
[Round "8.5"]
[Board "5"]
[White "Vetokhin, Savva"]
[Black "Zverev, Lev"]
[Result "1/2-1/2"]
[WhiteTitle "IM"]
[BlackTitle "FM"]
[WhiteElo "2420"]
[BlackElo "2301"]
[WhiteTeam "Russkaya shakhmatnaya shkola (Moskva)"]
[BlackTeam "Shkola im. M.M. Botvinnika  (Moskva)"]
[WhiteFideId "44144474"]
[BlackFideId "24250775"]
[EventDate "2023.05.01"]
[EventType "team"]

1. d4 Nf6 2. c4 e6 3. Nc3 Bb4 4. e3 O-O 5. Bd3 d5 6. a3 dxc4 7. Bxc4 Bxc3+ 8.
bxc3 c5 9. Ne2 Qc7 10. Ba2 b6 11. O-O Ba6 12. Bb2 Nbd7 13. Re1 Rad8 14. Ng3 e5
15. f3 Ne8 16. Nf5 Nd6 17. Ne7+ Kh8 18. Nd5 Qb7 19. e4 f5 20. exf5 exd4 21. cxd4
Nxf5 22. Nf4 Rfe8 23. Ne6 Rc8 24. dxc5 Nxc5 25. Ng5 h6 26. Nf7+ Kh7 27. Rxe8
Rxe8 28. Ne5 Qe7 29. f4 Ne4 30. Rc1 Rd8 31. Qh5 Qf6 32. Ba1 Neg3 33. hxg3 Nxg3
34. Bb1+ Kg8 35. Ba2+ Kh7 36. Bb1+ Kg8 37. Ba2+ Kh7 1/2-1/2